| 000 | 00884nam a2200241 4500 | ||
|---|---|---|---|
| 008 | 020104s1871 us engYA | ||
| 090 |
_aBS2333 _bAl2 |
||
| 100 | 1 | _aAlford, Henry | |
| 245 | 1 | 0 |
_aAlford's Greek testament : _ban exegetical and criticial commentary / _cHenry Alford. |
| 250 | _arev. ed. | ||
| 260 |
_aMichigan : _bBaker, _cc1871. |
||
| 300 | _a435 p. | ||
| 505 | 0 | _avol. III | |
| 650 | 4 |
_aBible. N.T. Colossians _xCommentaries. |
|
| 650 | 4 |
_aBible. N.T. Ephesians _xCommentaries. |
|
| 650 | 4 |
_aBible. N.T. Galatians _xCommentaries. |
|
| 650 | 4 |
_aBible. N.T. Philemon _xCommentaries. |
|
| 650 | 4 |
_aBible. N.T. Philippians _xCommentaries. |
|
| 650 | 4 |
_aBible. N.T. Timothy _xCommentaries. |
|
| 650 | 4 |
_aBible. N.T. Titus _xCommentaries. |
|
| 650 | 4 |
_aBible. N.T.Thessalonians _xCommentaries. |
|
| 951 |
_p6049 _x00009226 _oBS2333/Al2-III _j070613111032250 _d2000-12-21 _cREF |
||
| 999 |
_c8216 _d8216 |
||